Wszystkie państwa uczestniczące w II wojnie światowej - Statystyki

Ogólne statystyki
  • Ten quiz został rozwiązany 5 053 razy
  • Średni wynik to 33 z 64
Statystyki odpowiedzi
Data Państwo Stronnictwo % Poprawnych
01.09.1939 Polska Alianci
98%
01.09.1939 Niemcy Państwa Osi
95%
03.09.1939 Francja Alianci
94%
03.09.1939 Wielka Brytania Alianci
93%
07.12.1941 Japonia Państwa Osi
90%
13.10.1943 Włochy Alianci
90%
10.06.1940 Włochy Państwa Osi
90%
22.06.1941 ZSRR Alianci
86%
09.12.1941 Chiny Alianci
83%
09.04.1940 Norwegia Alianci
82%
04.03.1945 Finlandia Alianci
79%
10.09.1939 Kanada Alianci
79%
10.05.1940 Belgia Alianci
77%
10.05.1940 Holandia Alianci
77%
07.12.1941 Stany Zjednoczone Alianci
77%
25.08.1944 Rumunia Alianci
76%
20.01.1945 Węgry Alianci
76%
09.04.1939 Dania Kraj neutralny
74%
28.10.1940 Grecja Alianci
73%
06.04.1941 Jugosławia Alianci
71%
03.09.1939 Australia Alianci
70%
22.08.1942 Brazylia Alianci
67%
09.09.1944 Bułgaria Alianci
67%
23.02.1945 Turcja Alianci
64%
10.05.1940 Luksemburg Alianci
63%
22.05.1942 Meksyk Alianci
62%
27.03.1945 Argentyna Alianci
60%
03.09.1939 Nowa Zelandia Alianci
56%
09.09.1943 Iran Alianci
54%
26.10.1944 Albania Alianci
50%
11.04.1945 Chile Alianci
50%
17.01.1943 Irak Alianci
50%
26.11.1943 Kolumbia Alianci
49%
09.08.1941 Mongolia Alianci
48%
15.02.1945 Wenezuela Alianci
47%
12.02.1942 Peru Alianci
46%
15.02.1945 Urugwaj Alianci
43%
09.12.1941 Kuba Alianci
42%
07.04.1943 Boliwia Alianci
40%
10.04.1941 Chorwacja Państwa Osi
40%
07.02.1945 Paragwaj Alianci
40%
02.02.1945 Ekwador Alianci
39%
07.12.1941 Panama Alianci
39%
01.09.1941 Serbia Państwa Osi
37%
01.03.1945 Arabia Saudyjska Alianci
36%
14.12.1942 Etiopia Alianci
36%
08.12.1941 Honduras Alianci
33%
08.12.1941 Kostaryka Alianci
30%
08.12.1941 Haiti Alianci
29%
08.12.1941 Dominikana Alianci
28%
09.12.1941 Gwatemala Alianci
28%
08.12.1941 Salwador Alianci
28%
08.12.1941 Nikaragua Alianci
27%
12.07.1941 Czarnogóra Państwa Osi
21%
27.01.1944 Liberia Alianci
20%
04.09.1939 Nepal Alianci
20%
21.09.1944 San Marino Alianci
20%
22.06.1940 Francja Vichy Państwa Osi
18%
07.12.1941 Mandżukuo Państwa Osi
13%
27.02.1945 Liban Alianci
11%
06.09.1939 Związek Południowej Afryki Alianci
10%
25.06.1941 Tuwa Alianci
8%
18.09.1943 Włoska Republika Socjalna Państwa Osi
3%
07.12.1941 Mongolia Wewnętrzna Państwa Osi
2%
Nie znaleziono quizów pasujących do podanych kryteriów
Rozkład punktacji
Procent ludzi z każdym wynikiem
Percentyl według liczby udzielonych odpowiedzi
Twoja historia wyników
Nie rozwiązałeś tego quizu